LDR 00721naa#a2200181#i#450# 001 EN\\bibl\120785 005 20260428235000.2 011 ## _a2782-5256 100 ## _a20251225b2025####ek#y0engy0150####ca 102 ## _aRU 200 1# _aCountering the recruitment of citizens of the Russian Federation on the Internet by the special services of Ukraine to commit illegal acts _eJournal article 210 1# _aMoscow _cMoscow University of the Ministry of Internal Affairs of Russia named after V.Ya. Kikot _d2025 215 ## _a5 с. 608 ## _aJournal article _2local 675 ## _aПраво. Юридические науки. 34 _z 700 #1 _aBogdanov _gAnatoliy Vasil'evich 700 #1 _aKudin _gOleg Vasil'evich 856 4# _amosumvd.editorum.ru _u